Idea y cuestion nacional Latinoamericanas: de la independencia a la emergencia del imperialismo
Shranjeno v:
| Glavni avtor: | |
|---|---|
| Format: | Knjiga |
| Jezik: | španščina |
| Izdano: |
Ciudad de México
Siglo Veintiuno
1980
|
| Izdaja: | 1a. ed |
| Serija: | América Nuestra, 27
|
| Teme: | |
| Oznake: |
Označite
Brez oznak, prvi označite!
|
MARC
| LEADER | 00000cam a2200000 a 4500 | ||
|---|---|---|---|
| 001 | UCE5202 | ||
| 003 | CL-VaPUC | ||
| 008 | 141211e19800000mx |||||||||||||||||spa|d | ||
| 020 | |a 9789682310072 | ||
| 082 | 0 | 4 | |a 320.54 |b SOL |2 21 |
| 100 | 0 | |a Soler, Ricaurte |e author |9 577703 | |
| 245 | 1 | 0 | |a Idea y cuestion nacional Latinoamericanas: de la independencia a la emergencia del imperialismo |
| 250 | |a 1a. ed | ||
| 300 | |a 294 p | ||
| 942 | |c BK | ||
| 945 | |d 20141211 14:14:00 |a arojas | ||
| 260 | |a Ciudad de México |b Siglo Veintiuno |c 1980 | ||
| 650 | 0 | |a Política y gobierno |9 255151 | |
| 650 | 7 | |a NACIONALISMO |2 CL-VaPUC |9 577704 | |
| 650 | 0 | |a Independencia |9 344246 | |
| 650 | 0 | |a Imperialismo |9 258264 | |
| 651 | 0 | |a Latinoamérica |9 316393 | |
| 583 | |a last modification |c 20141211 14:14:00 |k Rodrigo Vera | ||
| 490 | 0 | |a América Nuestra, 27 | |
| 999 | |c 357964 |d 357962 | ||
| 952 | |0 0 |1 0 |3 erb |4 0 |6 320_540000000000000_SOL_1980 |7 0 |8 A |9 466161 |a BIBING |b BIBING |i 5129176 |o 320.54 SOL 1980 |p 5129176 |r 2025-01-20 |w 2019-11-23 |y BK |z Catalogado en:20141211 |k GEO | ||